Statistics for Every Premier League Goalscorer for Hull City

Click here to take the quiz!

General Stats

  • This quiz has been taken 19 times
  • The average score is 22 of 60

Answer Stats

Player% Correct
Curtis Davies
64%
Tom Huddlestone
64%
Andrew Robertson
55%
Andy Dawson
55%
Geovanni
55%
Jimmy Bullard
55%
Michael Dawson
55%
Nikica Jelavić
55%
Shane Long
55%
Caleb Folan
45%
Craig Fagan
45%
Daniel Cousin
45%
Dean Windass
45%
George Boateng
45%
Harry Maguire
45%
Ian Ashbee
45%
Jake Livermore
45%
Kamil Zayatte
45%
Marlon King
45%
Michael Turner
45%
Paul McShane
45%
Abel Hernández
36%
Ahmed Elmohamady
36%
Danny Graham
36%
David Meyler
36%
James Chester
36%
Jan Vennegoor of Hesselink
36%
Manucho
36%
Nick Barmby
36%
Oumar Niasse
36%
Richard Garcia
36%
Robert Koren
36%
Robert Snodgrass
36%
Stephen Hunt
36%
Yannick Sagbo
36%
Adama Diomande
27%
Andrea Ranocchia
27%
Bernard Mendy
27%
Dame N'Doye
27%
Dean Marney
27%
Gastón Ramírez
27%
George Boyd
27%
Jozy Altidore
27%
Kevin Kilbane
27%
Lazar Marković
27%
Liam Rosenior
27%
Matty Fryatt
27%
Mohamed Diamé
27%
Robbie Brady
27%
Sam Clucas
27%
Sone Aluko
27%
Stephen Quinn
27%
Will Atkinson
27%
Kamel Ghilas
18%
Mark Cullen
18%
Ryan Mason
18%
Seyi Olofinjana
18%
Shaun Maloney
18%
Steven Mouyokolo
18%
Tom Cairney
18%

Score Distribution

Percentile by Number Answered

Percent of People with Each Score

Your Score History

You have not taken this quiz